Computers: auditing and control
Guardat en:
| Autor principal: | |
|---|---|
| Format: | Llibre |
| Idioma: | anglès |
| Publicat: |
Nueva York
Petrocelli-Charter
1977
|
| Edició: | 2a. ed |
| Matèries: | |
| Etiquetes: |
Afegir etiqueta
Sense etiquetes, Sigues el primer a etiquetar aquest registre!
|
MARC
| LEADER | 00000nam a2200000 a 4500 | ||
|---|---|---|---|
| 001 | UCQ1774 | ||
| 003 | CL-VaPUC | ||
| 008 | 980721e19770000US |||||||||||||||||eng|d | ||
| 082 | 0 | 4 | |a 657.453 |b JAN |2 21 |
| 100 | 0 | |a Jancura, Elise G |e author |9 415569 | |
| 245 | 1 | 0 | |a Computers: auditing and control |
| 250 | |a 2a. ed | ||
| 300 | |a 525 p | ||
| 942 | |c BK | ||
| 945 | |d 19980721 00:00:00 |a cmena | ||
| 260 | |a Nueva York |b Petrocelli-Charter |c 1977 | ||
| 650 | 0 | |a Computadores |9 258188 | |
| 650 | 0 | |a Contabilidad |9 261430 | |
| 650 | 0 | |a Auditoría |9 307008 | |
| 650 | 0 | |a Aplicaciones de computadores |9 260401 | |
| 650 | 0 | |a Estados de cuentas |9 352305 | |
| 650 | 0 | |a Automatización |9 299909 | |
| 650 | 0 | |a Administración financiera |9 261146 | |
| 583 | |a last modification |c 19980721 00:00:00 |k Rodrigo Vera | ||
| 999 | |c 272618 |d 272616 | ||
| 952 | |0 0 |1 0 |4 0 |6 657_453000000000000_JAN_1977 |7 0 |8 P |9 307729 |a BIBGIM |b BIBGIM |d 2019-11-20 |i 1437909 |o 657.453 JAN 1977 |p 1437909 |r 2025-01-15 |w 2019-11-20 |y BK |k COM | ||